Statistiques concernant Dates d'auteurs français célèbres

Cliquez ici pour prendre le quiz!

Statistiques générales

  • Ce quiz a été pris 31 fois
  • Le résultat moyen est 13 sur 40

Statistiques - réponses

AuteursDates% Correct
Victor Hugo1802
79%
1885
75%
Charles Baudelaire1821
54%
1902
54%
1918
46%
1778
42%
1960
42%
Molière1622
38%
1673
38%
Voltaire1694
38%
Honoré de Balzac1799
38%
1850
38%
1867
38%
Emile Zola1840
33%
Arthur Rimbaud1854
33%
Guillaume Apollinaire1880
33%
1880
33%
1891
33%
Albert Camus1913
33%
1592
29%
Jean de La Fontaine1621
29%
Montesquieu1689
29%
Gustave Flaubert1821
29%
Michel de Montaigne1533
25%
1695
25%
Jean Racine1639
21%
1699
21%
1755
21%
Guy de Maupassant1850
21%
François Rabelais1483
17%
1553
17%
Pierre Corneille1606
17%
Madame de Lafayette1634
17%
1684
17%
Marivaux1688
17%
1693
17%
1763
17%
1893
17%
Francis Ponge1899
17%
1988
17%

Distribution des résultats

Percentile par nombre de réponses

% des personnes avec chaque résultat

Votre développement - résultats

Vous n’avez pas pris ce quiz